Nghiên cứu mức tiêu hao phụ liệu chỉ trong sản xuất hàng may mặc thời trang tại các doanh nghiệp vừa và nhỏ khu vực Tp. HCM : Báo cáo tổng kết đề tài Khoa học và Công nghệ cấp trường

Gorde:
Xehetasun bibliografikoak
Egile nagusia: Nguyễn Thị Thanh Trúc
Formatua: Đề tài khoa học
Hizkuntza:Undetermined
Argitaratua: Trường Đại học Công nghiệp Tp. Hồ Chí Minh 2014
Gaiak:
Etiketak: Etiketa erantsi
Etiketarik gabe, Izan zaitez lehena erregistro honi etiketa jartzen!
Thư viện lưu trữ: Trung tâm Thư viện - Trường Đại học Công nghiệp TP. Hồ Chí Minh
LEADER 00793nam a2200157Ia 4500
001 UIH_00547
008 230809s9999 xx 000 0 und d
082 |a 646.1 
100 |a Nguyễn Thị Thanh Trúc 
245 0 |a Nghiên cứu mức tiêu hao phụ liệu chỉ trong sản xuất hàng may mặc thời trang tại các doanh nghiệp vừa và nhỏ khu vực Tp. HCM : Báo cáo tổng kết đề tài Khoa học và Công nghệ cấp trường 
245 0 |c Nguyễn Thị Thanh Trúc 
260 |b Trường Đại học Công nghiệp Tp. Hồ Chí Minh 
260 |c 2014 
650 |a May mặc; 
927 |a Đề tài khoa học 
980 |a Trung tâm Thư viện - Trường Đại học Công nghiệp TP. Hồ Chí Minh